NLSUI OPAC header image

Selected intellectual property and unfair competition : Statutes regulations and treaties (Record no. 7392)

MARC details
000 -LEADER
fixed length control field 00500nam a2200157Ia 4500
008 - FIXED-LENGTH DATA ELEMENTS--GENERAL INFORMATION
fixed length control field 160316s1991 xxu||||| |||| 00| 0 eng d
082 ## - DEWEY DECIMAL CLASSIFICATION NUMBER
Classification number 346.048000
Item number SCH
100 ## - MAIN ENTRY--PERSONAL NAME
Personal name Schechter Roger E
245 ## - TITLE STATEMENT
Title Selected intellectual property and unfair competition : Statutes regulations and treaties
250 ## - EDITION STATEMENT
Edition statement
260 ## - PUBLICATION, DISTRIBUTION, ETC.
Place of publication, distribution, etc. St. Paul. Minn
Name of publisher, distributor, etc. West Publishing Co.
Date of publication, distribution, etc. 1991
300 ## - PHYSICAL DESCRIPTION
Extent 739p.
Other physical details
Dimensions vii
365 ## - TRADE PRICE
Price amount
650 ## - SUBJECT ADDED ENTRY--TOPICAL TERM
Topical term or geographic name entry element 1.Intellectual property - Law - Legislations - Treaties - U S A
700 ## - ADDED ENTRY--PERSONAL NAME
Personal name
--
Holdings
Withdrawn status Lost status Damaged status Not for loan Home library Current library Shelving location Date acquired Total Checkouts Full call number Barcode Date last seen Price effective from Koha item type
        NLS NLS Library Compactors 30/05/2017   346.048 SCH 7613 30/05/2017 30/05/2017 BOOKs